01240nam a2200157 a 4500008004100000020001800041041000800059100002000067245005100087250001100138260004000149300002200189500009300211505076700304655001101071161215e2013 ag ||||g |||| 00| f spa d a9789500744522 aspa1 aAllende, Isabel 3aEl reino del dragón de oro /cIsabel Allende a1a ed. aBuenos Aires:bSudamericana;c2013. a336 p.c19x13 cm. aAllende, I. (2013). El reino del dragón de oro. (1a ed.). Buenos Aires : Sudamericana. aLa estatua del Dragón de Oro permanece oculta en un reino pequeño y misterioso, enclavado en la cordillera del Himalaya. Y según cuenta la leyenda, este magnífico objeto, un poderoso instrumento de adivinación incrustado en piedras preciosas, preserva la paz de estas tierras. Una paz que ahora, por la codicia en el alma de los hombres, puede ser perturbada. En El Reino del Dragón de Oro, Isabel Allende nos invita a entrar en una doble aventura: seguir las peripecias de Alexander Cold, su abuela Kate y Nadia Santos, protagonistas de La Ciudad de las Bestias, en la belleza desnuda, limpia, de las montañas y los valles del Himalaya; y descubrir, con ayuda de la pluma mágica de Allende, el valor y la sencillez de las enseñanzas budistas.  aNovela